Regions of Sweden - Statistics

General Stats
  • This quiz has been taken 42 times
  • The average score is 10 of 21
Answers on the Map
Answers color-coded by a green-red scale on the quiz's map according to % correct below.
 
Answer Stats
Answer % Correct
Stockholm
100%
Gotland
89%
Skåne
89%
Norrbotten
67%
Uppsala
67%
Jönkoping
56%
Kalmar
56%
Halland
44%
Västerbotten
44%
Västra Götaland
44%
Blekinge
33%
Kronoberg
33%
Örebro
33%
Östergötland
33%
Södermanland
33%
Västmanland
33%
Dalarna
22%
Gävleborg
22%
Jämtland
22%
Värmland
22%
Västernorrland
22%
No matching quizzes found
Score Distribution
Percent of People with Each Score
Percentile by Number Answered
Your Score History
You have not taken this quiz